[Event "Lueneburger Schachfestival IM 2019"]
[Site "Lueneburg"]
[Date "2019.08.08"]
[Round "7.2"]
[White "Knuedel, Torben"]
[Black "Carlstedt, Jonathan"]
[Result "0-1"]
[WhiteElo "2151"]
[BlackElo "2408"]
[Annotator "NA"]
[PlyCount "120"]
[EventDate "2019.08.02"]
[EventType "tourn"]
[EventCountry "GER"]
[SourceTitle "playchess.com"]
[Source "ChessBase"]
[SourceQuality "1"]
[TimeControl "40/5400+30:1800+30"]

1. e4 {[%emt 0:00:00]} e5 {[%emt 0:00:00]} 2. Nf3 {[%emt 0:00:00]} Nc6 {[%emt 0:00:00]} 3. Bb5 {[%emt 0:00:00]} Nge7 {[%emt 0:00:00]} 4. Nc3 {[%emt 0:00:58]} g6 {[%emt 0:00:00]} 5. d4 {[%emt 0:00:03]} exd4 {[%emt 0:00:03]} 6. Nd5 {[%emt 0:00:04]} Bg7 {[%emt 0:00:07]} 7. Bg5 {[%emt 0:00:03]} h6 {[%emt 0:00:08]} 8. Bf6 {[%emt 0:00:03]} Bxf6 {[%emt 0:00:06]} 9. Nxf6+ {[%emt 0:00:03]} Kf8 {[%emt 0:00:06]} 10. Qd2 {[%emt 0:05:02]} d5 {[%emt 0:04:10]} 11. Bxc6 {[%emt 0:05:20]} Nxc6 {[%emt 0:04:36]} 12. Nxd5 {[%emt 0:04:26]} Bf5 {[%emt 0:03:13]} 13. Qf4 {[%emt 0:07:16]} Bxe4 {[%emt 0:05:55]} 14. Qxe4 {[%emt 0:28:39]} Kg7 {[%emt 0:01:16]} 15. O-O {[%emt 0:11:30]} Re8 {[%emt 0:09:25]} 16. Qxe8 {[%emt 0:02:45]} Qxe8 {[%emt 0:00:05]} 17. Nxc7 {[%emt 0:00:03]} Qe4 {[%emt 0:00:08]} 18. Nxa8 {[%emt 0:00:06]} Qxc2 {[%emt 0:00:03]} 19. Rad1 {[%emt 0:03:15]} Qxb2 {[%emt 0:04:20]} 20. Rd2 {[%emt 0:00:18]} Qb4 {[%emt 0:03:28]} 21. Rfd1 {[%emt 0:01:23]} Qf8 {[%emt 0:01:01]} 22. Nc7 {[%emt 0:04:41]} Qc5 {[%emt 0:00:13]} 23. h3 {[%emt 0:08:38]} Kf8 {[%emt 0:04:35]} 24. Re1 {[%emt 0:02:01]} Qa5 {[%emt 0:04:19]} 25. Ne8 {[%emt 0:01:01]} Qd8 {[%emt 0:00:35]} 26. Ne5 {[%emt 0:06:38]} h5 {[%emt 0:03:03]} 27. Nxc6 {[%emt 0:01:07]} bxc6 {[%emt 0:00:03]} 28. Re5 {[%emt 0:06:48]} c5 {[%emt 0:00:33]} 29. Rxc5 {[%emt 0:01:14]} Qxe8 {[%emt 0:00:10]} 30. Rxd4 {[%emt 0:00:33]} Qe1+ {[%emt 0:00:34]} 31. Kh2 {[%emt 0:00:00]} Qxf2 {[%emt 0:00:08]} 32. Rc8+ {[%emt 0:00:28]} Kg7 {[%emt 0:00:06]} 33. Ra4 {[%emt 0:00:28]} g5 {[%emt 0:04:25]} 34. Ra8 {[%emt 0:01:06]} g4 {[%emt 0:01:54]} 35. hxg4 {[%emt 0:00:41]} Qh4+ {[%emt 0:00:09]} 36. Kg1 {[%emt 0:00:09]} hxg4 {[%emt 0:00:03]} 37. R8xa7 {[%emt 0:00:31]} Qe1+ {[%emt 0:00:32]} 38. Kh2 {[%emt 0:00:02]} Qe5+ {[%emt 0:00:15]} 39. Kg1 {[%emt 0:01:25]} g3 {[%emt 0:00:39]} 40. Rg4+ {[%emt 0:00:34]} Kf6 {[%emt 0:01:11]} 41. Ra6+ {[%emt 0:05:13]} Kf5 {[%emt 0:00:24]} 42. Rxg3 {[%emt 0:00:53]} Qxg3 {[%emt 0:00:12]} 43. Ra5+ {[%emt 0:00:03]} Kf4 {[%emt 0:00:26]} 44. Ra4+ {[%emt 0:00:08]} Kg5 {[%emt 0:00:07]} 45. Ra5+ {[%emt 0:00:08]} f5 {[%emt 0:00:07]} 46. Rb5 {[%emt 0:00:08]} Qe1+ {[%emt 0:06:37]} 47. Kh2 {[%emt 0:01:29]} Qh4+ {[%emt 0:00:05]} 48. Kg1 {[%emt 0:00:08]} Qd4+ {[%emt 0:00:03]} 49. Kh2 {[%emt 0:00:25]} Qh8+ {[%emt 0:00:04]} 50. Kg1 {[%emt 0:00:45]} Qa1+ {[%emt 0:00:05]} 51. Kh2 {[%emt 0:00:08]} Qxa2 {[%emt 0:00:05]} 52. Rb7 {[%emt 0:07:12]} Qg8 {[%emt 0:05:04]} 53. Rb1 {[%emt 0:02:39]} Qh8+ {[%emt 0:00:34]} 54. Kg1 {[%emt 0:00:42]} Qd4+ {[%emt 0:00:06]} 55. Kh2 {[%emt 0:02:12]} Qd3 {[%emt 0:00:46]} 56. Rb7 {[%emt 0:02:08]} Kf4 {[%emt 0:01:07]} 57. Rh7 {[%emt 0:01:44]} Qg3+ {[%emt 0:00:56]} 58. Kg1 {[%emt 0:00:51]} Ke3 {[%emt 0:01:03]} 59. Rh3 {[%emt 0:01:05]} Qxh3 {[%emt 0:00:10]} 60. gxh3 {[%emt 0:00:03]} Ke2 {[%emt 0:00:08]} 0-1

[Event "Lueneburger Schachfestival IM 2019"]
[Site "Lueneburg"]
[Date "2019.08.08"]
[Round "7.3"]
[White "Aarav Dengla"]
[Black "Souleidis, Georgios"]
[Result "0-1"]
[WhiteElo "2038"]
[BlackElo "2426"]
[Annotator "NA"]
[PlyCount "104"]
[EventDate "2019.08.02"]
[EventType "tourn"]
[EventCountry "GER"]
[SourceTitle "playchess.com"]
[Source "ChessBase"]
[SourceQuality "1"]
[TimeControl "40/5400+30:1800+30"]

1. e4 {[%emt 0:00:00]} g6 {[%emt 0:00:00]} 2. d4 {[%emt 0:00:00]} Bg7 {[%emt 0:00:00]} 3. Nf3 {[%emt 0:00:00]} d6 {[%emt 0:00:00]} 4. Bc4 {[%emt 0:00:00]} Nf6 {[%emt 0:01:26]} 5. Nc3 {[%emt 0:01:12]} O-O {[%emt 0:02:18]} 6. e5 {[%emt 0:16:02]} dxe5 {[%emt 0:01:27]} 7. dxe5 {[%emt 0:00:32]} Qxd1+ {[%emt 0:00:43]} 8. Nxd1 {[%emt 0:00:14]} Ng4 {[%emt 0:01:33]} 9. Bf4 {[%emt 0:01:30]} Nc6 {[%emt 0:00:16]} 10. e6 {[%emt 0:18:42]} Bxe6 {[%emt 0:00:12]} 11. Bxe6 {[%emt 0:00:08]} fxe6 {[%emt 0:00:03]} 12. Bd2 {[%emt 0:03:00]} Rad8 {[%emt 0:00:46]} 13. Bc3 {[%emt 0:21:21]} Bxc3+ {[%emt 0:04:17]} 14. Nxc3 {[%emt 0:00:09]} Nd4 {[%emt 0:13:03]} 15. Nxd4 {[%emt 0:00:14]} Rxd4 {[%emt 0:03:33]} 16. O-O {[%emt 0:00:12]} Rd2 {[%emt 0:00:08]} 17. Ne4 {[%emt 0:01:18]} Rxc2 {[%emt 0:00:34]} 18. Rac1 {[%emt 0:00:30]} Rxb2 {[%emt 0:08:19]} 19. Rxc7 {[%emt 0:00:24]} Rf4 {[%emt 0:00:11]} 20. h3 {[%emt 0:11:59]} Rxe4 {[%emt 0:02:08]} 21. hxg4 {[%emt 0:00:03]} Kf7 {[%emt 0:00:33]} 22. Rd1 {[%emt 0:01:43]} Kf6 {[%emt 0:00:53]} 23. Rdd7 {[%emt 0:03:07]} Re1+ {[%emt 0:00:14]} 24. Kh2 {[%emt 0:00:06]} Rxf2 {[%emt 0:00:22]} 25. Rxe7 {[%emt 0:06:09]} Ree2 {[%emt 0:00:11]} 26. Rf7+ {[%emt 0:06:49]} Kg5 {[%emt 0:00:07]} 27. Rxf2 {[%emt 0:00:03]} Rxf2 {[%emt 0:00:05]} 28. Rxb7 {[%emt 0:00:04]} Rxa2 {[%emt 0:00:09]} 29. Rxh7 {[%emt 0:00:03]} Kxg4 {[%emt 0:00:11]} 30. Re7 {[%emt 0:05:30]} Kf5 {[%emt 0:00:03]} 31. Rf7+ {[%emt 0:00:04]} Kg5 {[%emt 0:00:06]} 32. Kg3 {[%emt 0:00:43]} a5 {[%emt 0:00:55]} 33. Ra7 {[%emt 0:00:54]} Ra3+ {[%emt 0:00:19]} 34. Kf2 {[%emt 0:00:05]} e5 {[%emt 0:00:14]} 35. Ra6 {[%emt 0:00:15]} Kf5 {[%emt 0:00:24]} 36. g4+ {[%emt 0:00:07]} Kxg4 {[%emt 0:00:31]} 37. Rxg6+ {[%emt 0:00:05]} Kf4 {[%emt 0:00:07]} 38. Rf6+ {[%emt 0:00:16]} Ke4 {[%emt 0:00:06]} 39. Ke2 {[%emt 0:00:09]} Ra2+ {[%emt 0:00:03]} 40. Kd1 {[%emt 0:00:10]} Ke3 {[%emt 0:00:24]} 41. Kc1 {[%emt 0:30:14]} e4 {[%emt 0:30:12]} 42. Kb1 {[%emt 0:00:22]} Rf2 {[%emt 0:00:58]} 43. Ra6 {[%emt 0:01:31]} Rf5 {[%emt 0:00:07]} 44. Kc2 {[%emt 0:00:41]} Ke2 {[%emt 0:00:06]} 45. Kc3 {[%emt 0:00:20]} e3 {[%emt 0:00:24]} 46. Re6 {[%emt 0:00:24]} Rd5 {[%emt 0:00:46]} 47. Re4 {[%emt 0:00:11]} Kf3 {[%emt 0:00:19]} 48. Re8 {[%emt 0:00:07]} e2 {[%emt 0:00:08]} 49. Rf8+ {[%emt 0:00:09]} Ke4 {[%emt 0:00:53]} 50. Re8+ {[%emt 0:00:18]} Re5 {[%emt 0:01:08]} 51. Rxe5+ {[%emt 0:00:06]} Kxe5 {[%emt 0:00:09]} 52. Kd2 {[%emt 0:00:03]} a4 {[%emt 0:00:10]} 0-1

[Event "Lueneburger Schachfestival IM 2019"]
[Site "Lueneburg"]
[Date "2019.08.08"]
[Round "7.4"]
[White "Kahlert, Thomas"]
[Black "Pubantz, Jan"]
[Result "1/2-1/2"]
[WhiteElo "2152"]
[BlackElo "2214"]
[Annotator "NA"]
[PlyCount "80"]
[EventDate "2019.08.02"]
[EventType "tourn"]
[EventCountry "GER"]
[SourceTitle "playchess.com"]
[Source "ChessBase"]
[SourceQuality "1"]
[TimeControl "40/5400+30:1800+30"]

1. Nf3 {[%emt 0:00:00]} d5 {[%emt 0:00:00]} 2. d4 {[%emt 0:00:00]} Nf6 {[%emt 0:00:00]} 3. c4 {[%emt 0:00:00]} c6 {[%emt 0:00:15]} 4. Nc3 {[%emt 0:00:00]} a6 {[%emt 0:00:34]} 5. a4 {[%emt 0:01:04]} e6 {[%emt 0:02:31]} 6. Bg5 {[%emt 0:00:28]} Nbd7 {[%emt 0:00:47]} 7. e3 {[%emt 0:00:22]} Bb4 {[%emt 0:00:59]} 8. Nd2 {[%emt 0:06:55]} Qa5 {[%emt 0:01:49]} 9. Qc2 {[%emt 0:03:04]} dxc4 {[%emt 0:03:27]} 10. Bxf6 {[%emt 0:00:11]} Nxf6 {[%emt 0:00:22]} 11. Nxc4 {[%emt 0:01:23]} Qc7 {[%emt 0:01:40]} 12. Be2 {[%emt 0:00:48]} c5 {[%emt 0:20:53]} 13. Qb3 {[%emt 0:04:34]} O-O {[%emt 0:02:23]} 14. O-O {[%emt 0:06:04]} cxd4 {[%emt 0:01:15]} 15. Qxb4 {[%emt 0:02:40]} dxc3 {[%emt 0:00:15]} 16. Qxc3 {[%emt 0:11:39]} Bd7 {[%emt 0:05:06]} 17. Rfc1 {[%emt 0:06:14]} Rac8 {[%emt 0:01:37]} 18. Bf3 {[%emt 0:05:27]} Rfd8 {[%emt 0:14:14]} 19. Qe5 {[%emt 0:10:05]} Qxe5 {[%emt 0:06:41]} 20. Nxe5 {[%emt 0:00:06]} Rxc1+ {[%emt 0:02:08]} 21. Rxc1 {[%emt 0:00:13]} Bxa4 {[%emt 0:01:00]} 22. Bxb7 {[%emt 0:02:29]} Bb5 {[%emt 0:03:07]} 23. h3 {[%emt 0:02:14]} Ne8 {[%emt 0:00:57]} 24. Rc8 {[%emt 0:06:34]} Rxc8 {[%emt 0:02:12]} 25. Bxc8 {[%emt 0:00:06]} Kf8 {[%emt 0:03:00]} 26. Bd7 {[%emt 0:01:35]} Ke7 {[%emt 0:06:23]} 27. Bxb5 {[%emt 0:00:13]} axb5 {[%emt 0:00:06]} 28. Kf1 {[%emt 0:01:01]} Nd6 {[%emt 0:04:38]} 29. Ke2 {[%emt 0:04:11]} f6 {[%emt 0:00:52]} 30. Nd3 {[%emt 0:06:14]} e5 {[%emt 0:00:22]} 31. f3 {[%emt 0:04:21]} e4 {[%emt 0:04:03]} 32. Nc5 {[%emt 0:01:01]} f5 {[%emt 0:05:28]} 33. b3 {[%emt 0:06:18]} Kf6 {[%emt 0:01:00]} 34. f4 {[%emt 0:00:52]} Nc8 {[%emt 0:02:38]} 35. Kd2 {[%emt 0:02:07]} Nb6 {[%emt 0:01:54]} 36. Kc3 {[%emt 0:01:17]} Nd5+ {[%emt 0:00:42]} 37. Kd4 {[%emt 0:00:07]} Nb4 {[%emt 0:00:23]} 38. Kc3 {[%emt 0:02:14]} Nd5+ {[%emt 0:00:48]} 39. Kd4 {[%emt 0:00:18]} Nb4 {[%emt 0:00:50]} 40. Kc3 {[%emt 0:00:26]} Nd5+ {[%emt 0:02:02]} 1/2-1/2

[Event "Lueneburger Schachfestival IM 2019"]
[Site "Lueneburg"]
[Date "2019.08.08"]
[Round "7.5"]
[White "Schulze, Lara"]
[Black "Stork, Oliver"]
[Result "1/2-1/2"]
[WhiteElo "2253"]
[BlackElo "2322"]
[Annotator "NA"]
[PlyCount "159"]
[EventDate "2019.08.02"]
[EventType "tourn"]
[EventCountry "GER"]
[SourceTitle "playchess.com"]
[Source "ChessBase"]
[SourceQuality "1"]
[TimeControl "40/5400+30:1800+30"]

1. e4 {[%emt 0:00:00]} c6 {[%emt 0:00:00]} 2. d4 {[%emt 0:00:00]} d5 {[%emt 0:00:00]} 3. e5 {[%emt 0:00:00]} c5 {[%emt 0:00:00]} 4. dxc5 {[%emt 0:00:00]} Nc6 {[%emt 0:00:00]} 5. a3 {[%emt 0:00:00]} Nxe5 {[%emt 0:00:14]} 6. b4 {[%emt 0:00:00]} g6 {[%emt 0:00:20]} 7. Bb2 {[%emt 0:00:04]} Bg7 {[%emt 0:00:05]} 8. Nc3 {[%emt 0:00:07]} Nf6 {[%emt 0:04:24]} 9. f4 {[%emt 0:00:18]} Bg4 {[%emt 0:10:04]} 10. fxe5 {[%emt 0:00:11]} Bxd1 {[%emt 0:00:06]} 11. exf6 {[%emt 0:00:07]} Bxf6 {[%emt 0:00:06]} 12. Bb5+ {[%emt 0:00:06]} Kf8 {[%emt 0:00:07]} 13. Rxd1 {[%emt 0:00:05]} e6 {[%emt 0:10:32]} 14. Nh3 {[%emt 0:00:13]} a6 {[%emt 0:07:31]} 15. Be2 {[%emt 0:04:37]} b6 {[%emt 0:07:33]} 16. cxb6 {[%emt 0:15:01]} Qxb6 {[%emt 0:04:46]} 17. Na4 {[%emt 0:06:09]} Qd8 {[%emt 0:00:29]} 18. Bc1 {[%emt 0:04:38]} Be5 {[%emt 0:12:08]} 19. O-O {[%emt 0:02:59]} h6 {[%emt 0:04:42]} 20. c4 {[%emt 0:07:16]} Qc7 {[%emt 0:09:35]} 21. Nf4 {[%emt 0:07:38]} Kg8 {[%emt 0:07:34]} 22. Nc5 {[%emt 0:15:29]} d4 {[%emt 0:08:35]} 23. Bf3 {[%emt 0:06:45]} Bxf4 {[%emt 0:02:58]} 24. Bxf4 {[%emt 0:07:07]} Qxf4 {[%emt 0:00:04]} 25. Bxa8 {[%emt 0:00:06]} Qe3+ {[%emt 0:00:15]} 26. Kh1 {[%emt 0:04:37]} Qxa3 {[%emt 0:01:58]} 27. Rxd4 {[%emt 0:02:03]} Qxb4 {[%emt 0:01:14]} 28. Nd3 {[%emt 0:09:21]} Qb8 {[%emt 0:03:44]} 29. Bc6 {[%emt 0:02:31]} Rh7 {[%emt 0:04:14]} 30. c5 {[%emt 0:02:49]} f5 {[%emt 0:00:40]} 31. Bd7 {[%emt 0:00:21]} e5 {[%emt 0:00:42]} 32. Rd6 {[%emt 0:01:46]} Rxd7 {[%emt 0:00:38]} 33. Rxd7 {[%emt 0:00:08]} Qb5 {[%emt 0:00:35]} 34. Rd6 {[%emt 0:01:09]} Kf8 {[%emt 0:00:33]} 35. Rd1 {[%emt 0:01:36]} e4 {[%emt 0:00:16]} 36. Ne5 {[%emt 0:00:48]} e3 {[%emt 0:00:07]} 37. Nxg6+ {[%emt 0:01:40]} Kg7 {[%emt 0:00:03]} 38. Nf4 {[%emt 0:00:11]} e2 {[%emt 0:00:30]} 39. Nxe2 {[%emt 0:00:42]} Qxe2 {[%emt 0:00:41]} 40. c6 {[%emt 0:00:42]} f4 {[%emt 0:00:45]} 41. Rb1 {[%emt 0:08:10]} Kf7 {[%emt 0:02:30]} 42. Rd7+ {[%emt 0:10:26]} Kf6 {[%emt 0:15:46]} 43. c7 {[%emt 0:00:09]} Qc2 {[%emt 0:07:05]} 44. Rb6+ {[%emt 0:09:30]} Ke5 {[%emt 0:02:17]} 45. h3 {[%emt 0:00:22]} f3 {[%emt 0:01:39]} 46. Re7+ {[%emt 0:02:05]} Kd5 {[%emt 0:00:35]} 47. gxf3 {[%emt 0:01:54]} Qd1+ {[%emt 0:03:18]} 48. Kg2 {[%emt 0:00:29]} Qd2+ {[%emt 0:00:36]} 49. Kf1 {[%emt 0:00:28]} Qd1+ {[%emt 0:00:44]} 50. Kf2 {[%emt 0:00:09]} Qd2+ {[%emt 0:00:19]} 51. Re2 {[%emt 0:01:11]} Qd4+ {[%emt 0:00:13]} 52. Kg2 {[%emt 0:01:05]} Qg7+ {[%emt 0:00:23]} 53. Kh1 {[%emt 0:00:33]} Qxc7 {[%emt 0:00:31]} 54. Rbe6 {[%emt 0:00:36]} a5 {[%emt 0:00:39]} 55. R6e4 {[%emt 0:00:17]} Qc1+ {[%emt 0:01:28]} 56. Kg2 {[%emt 0:00:18]} Kd6 {[%emt 0:00:10]} 57. Re6+ {[%emt 0:00:22]} Kd7 {[%emt 0:00:05]} 58. Re7+ {[%emt 0:00:29]} Kd6 {[%emt 0:00:35]} 59. R7e4 {[%emt 0:00:30]} Qd1 {[%emt 0:01:08]} 60. Ra2 {[%emt 0:01:00]} Qc1 {[%emt 0:00:19]} 61. Raa4 {[%emt 0:00:21]} h5 {[%emt 0:00:29]} 62. h4 {[%emt 0:00:33]} Qb2+ {[%emt 0:00:25]} 63. Kg3 {[%emt 0:00:16]} Qg7+ {[%emt 0:00:43]} 64. Kh3 {[%emt 0:00:25]} Qd7+ {[%emt 0:00:14]} 65. Kh2 {[%emt 0:00:15]} Qf5 {[%emt 0:00:12]} 66. Red4+ {[%emt 0:00:46]} Kc6 {[%emt 0:00:27]} 67. Rf4 {[%emt 0:00:36]} Qc2+ {[%emt 0:00:12]} 68. Kh3 {[%emt 0:00:06]} Qd1 {[%emt 0:01:16]} 69. Rf6+ {[%emt 0:01:08]} Kb5 {[%emt 0:00:23]} 70. Re4 {[%emt 0:00:14]} Qd7+ {[%emt 0:00:27]} 71. Kh2 {[%emt 0:00:32]} Qc7+ {[%emt 0:00:27]} 72. Kh3 {[%emt 0:00:39]} Qd7+ {[%emt 0:00:05]} 73. Rfe6 {[%emt 0:00:16]} a4 {[%emt 0:00:22]} 74. Kg3 {[%emt 0:00:56]} a3 {[%emt 0:00:30]} 75. R6e5+ {[%emt 0:00:18]} Kb6 {[%emt 0:00:23]} 76. Re6+ {[%emt 0:00:35]} Kc5 {[%emt 0:00:25]} 77. R4e5+ {[%emt 0:00:32]} Kc4 {[%emt 0:00:23]} 78. Re4+ {[%emt 0:00:30]} Kc5 {[%emt 0:00:14]} 79. R4e5+ {[%emt 0:00:32]} Kc4 {[%emt 0:00:07]} 80. Re4+ {[%emt 0:01:07]} 1/2-1/2

[Event "Lueneburger Schachfestival IM 2019"]
[Site "Lueneburg"]
[Date "2019.08.09"]
[Round "8.1"]
[White "Chennaoui, Yasin"]
[Black "Stork, Oliver"]
[Result "*"]
[WhiteElo "2092"]
[BlackElo "2322"]
[Annotator "TA"]
[PlyCount "26"]
[EventDate "2019.08.02"]
[EventType "tourn"]
[EventCountry "GER"]
[SourceTitle "playchess.com"]
[Source "ChessBase"]
[SourceQuality "1"]

{[%evp 9,26,2,24,11,17,18,17,26,15,27,25,19,28,-27,-1,-17,-29,-30,-18]} 1. c4 e5 2. g3 Nc6 3. Bg2 Bc5 4. Nc3 d6 5. a3 (5. e3 a6 6. Nge2 Ba7 7. b3 Nge7 8. Bb2 h5 9. h4 Bg4 10. d3 Qd7 11. Qd2 Rb8 12. Rc1 O-O 13. Ne4 {1-0 (51) Topalov,V (2749)-Grischuk,A (2761) Paris 2017}) 5... a6 6. b4 {A25: English Opening vs King's Indian with ...Nc6 but without early d3} Ba7 7. e3 Nge7 8. Nge2 {The position is equal.} O-O 9. O-O Bg4 10. h3 Bh5 11. g4 ({Better is} 11. Bb2) 11... Bg6 $11 12. e4 $146 ({Predecessor:} 12. d4 f5 13. c5 fxg4 14. hxg4 {0-1 (38) Butneva,L (1867)-Travkina,A (2189) Moscow 2011}) 12... Nd4 13. d3 b5 *

[Event "Lueneburger Schachfestival IM 2019"]
[Site "Lueneburg"]
[Date "2019.08.09"]
[Round "8.2"]
[White "Pubantz, Jan"]
[Black "Schulze, Lara"]
[Result "1-0"]
[WhiteElo "2214"]
[BlackElo "2253"]
[Annotator "TA"]
[PlyCount "73"]
[EventDate "2019.08.02"]
[EventType "tourn"]
[EventCountry "GER"]
[SourceTitle "playchess.com"]
[Source "ChessBase"]
[SourceQuality "1"]

{[%evp 15,73,0,0,0,13,-5,-1,1,0,10,26,26,33,34,35,33,38,37,45,-31,-12,-31,27,31,34,37,33,33,69,58,96,82,86,64,180,185,165,193,171,167,1058,1056,983,775,725,624,598,558,564,573,523,390,439,211,1841,1559,1762,1757,1551,1466]} 1. d4 Nf6 2. c4 e6 3. Nf3 Bb4+ 4. Nbd2 O-O 5. g3 b6 6. Bg2 Bb7 7. O-O d5 8. cxd5 exd5 9. a3 {E16: Queen's Indian: 4 g3 Bb7 5 Bg2 Bb4+} (9. Qb3 Be7 10. Nb1 Nbd7 11. Nc3 Re8 12. Rd1 Nf8 13. Ne5 Ne6 14. Qa4 Bf8 15. Be3 a6 16. Rac1 Rc8 {½-½ (131) Firouzja,A (2607)-Yu,Y (2764) St Petersburg 2018}) 9... Bd6 10. Ne5 Re8 11. Ndc4 {[%cal Bd2c4,Bc4e3,Be3f5][%mdl 32] The position is equal.} Bf8 12. Bg5 h6 $146 ({Predecessor:} 12... Qc8 13. Nd2 Qe6 14. f4 c5 15. f5 Qd6 16. Bf4 {1-0 (49) Meskovs,N (2495)-Alekseenko,K (2575) Riga 2017}) 13. Bxf6 $1 Qxf6 14. Ne3 c6 15. f4 Qd8 16. Qd3 Nd7 17. g4 (17. Rac1 $14) 17... f6 18. Ng6 Bd6 ({Black should try} 18... Nc5 $1 $15 19. Qc3 (19. dxc5 $2 Rxe3 20. Qc2 Bxc5 $19) 19... Ne4) 19. Nf5 $36 {[%mdl 2048] Black is under pressure.} Nf8 20. Rf3 Re4 (20... Nxg6 $6 21. Nxh6+ $1 {[%mdl 512]} Kh7 22. Nf7 $18) 21. Nxf8 Qxf8 {[#]} 22. g5 $1 {[%mdl 512] Threatens to win with gxh6.} h5 (22... Rxf4 $2 23. gxh6 Rxf3 24. Bxf3 $18 (24. exf3 Bf4 $14)) (22... fxg5 23. fxg5) 23. Rh3 Rxf4 {Strongly threatening ...Bc8.} 24. Rxh5 {And now Rh8+! would win.} g6 (24... fxg5 $1 $14 25. e4 (25. Rxg5 Ba6 $14) (25. Nxd6 Qxd6 26. Qh7+ Kf8 $14) 25... Bc8) 25. Rh6 $18 (25. Nxd6 gxh5 26. e3 (26. Nxb7 Qg7 $16) 26... Rg4 $11) 25... gxf5 26. Rg6+ Kh7 27. Rxf6 Qe7 $2 (27... Rh4) 28. Qh3+ Kg8 29. Rg6+ Kf7 30. Qh7+ Ke8 {[#]} 31. Rg8+ $1 (31. Rg7 Qe3+ 32. Kh1 Be7 $17) 31... Kd7 32. Rg7 Re8 33. g6 ({Less strong is} 33. Rxe7+ Rxe7 34. Qh6 Rg4 $16) 33... Rg4 {intending ...Kd8!} 34. Rf1 {[#]} ({Not} 34. Rxe7+ Rxe7 35. Qh5 Kc7 $18) (34. Kf1 $142) 34... Bf4 $2 (34... Kd8 $1 {[%mdl 512]} 35. Rxe7 Rxe7) 35. Rxf4 {[%mdl 64] Promotion. White is clearly winning.} Rxf4 36. Rxe7+ Rxe7 37. g7 {Accuracy: White = 72%, Black = 41%.} 1-0

[Event "Lueneburger Schachfestival IM 2019"]
[Site "Lueneburg"]
[Date "2019.08.09"]
[Round "8.3"]
[White "Souleidis, Georgios"]
[Black "Kahlert, Thomas"]
[Result "1-0"]
[WhiteElo "2426"]
[BlackElo "2152"]
[Annotator "TA"]
[PlyCount "71"]
[EventDate "2019.08.02"]
[EventType "tourn"]
[EventCountry "GER"]
[SourceTitle "playchess.com"]
[Source "ChessBase"]
[SourceQuality "1"]

{[%evp 12,71,34,29,35,31,33,23,37,16,40,43,35,24,24,0,0,0,43,39,95,107,89,77,69,73,147,156,160,128,132,116,135,132,151,120,118,120,129,94,117,118,135,109,129,109,137,113,146,139,130,139,158,162,174,171,243,221,360,352,1258,1231]} 1. e4 e5 2. Nf3 Nc6 3. Bc4 Nf6 4. d3 Be7 5. O-O O-O 6. Re1 d6 7. a3 Be6 {C55: Two Knights: 4 d3, 4 d4 exd4 5 e5 and Max Lange Attack} (7... h6 8. Nbd2 Nh7 9. Nf1 Ng5 10. c3 Bg4 11. Bxg5 Bxg5 12. h3 Bd7 13. d4 Bf6 14. Qd2 Kh7 15. Rad1 {1-0 (35) Giri,A (2780)-Iordachescu,V (2591) Batumi 2018}) 8. Nbd2 Nd7 $146 ({Predecessor:} 8... Bxc4 9. dxc4 Nd7 10. Nf1 g6 11. Ne3 Bf6 12. Nd5 Bg7 13. Bg5 f6 14. Be3 {1-0 (36) Akopian,V (2675)-Narayanan,S (2472) Sharjah 2017}) 9. b4 a6 {White has an edge.} 10. Bb2 Nb6 11. Bxe6 fxe6 12. c4 Qe8 13. Qb3 Bf6 14. a4 {[%cal Ba3a4,Ba4a5][%mdl 32]} Kh8 15. b5 Ne7 (15... Nd4 $14 16. Bxd4 exd4) 16. c5 $16 dxc5 17. a5 $36 {[%mdl 2048] White has strong initiative.} Nd7 18. bxa6 (18. Qxe6 axb5 19. a6 bxa6 $15) 18... Rxa6 (18... bxa6 $142 19. Qxe6 Ng6 20. Qxe8 Raxe8) 19. Qxb7 {[%mdl 64] [#] Double Attack} Qa8 20. Qxa8 ({Inferior is} 20. Qxc7 Rd8 $17) 20... Rfxa8 21. Nc4 Nc6 {[%cal Rc6a5]} 22. Bc3 Nd4 {intending ...Nc2.} 23. Bxd4 exd4 24. Rab1 R6a7 25. Re2 Kg8 26. Reb2 Kf8 27. g3 Ke8 28. Nfd2 Be7 29. Kf1 Kd8 30. Ke2 Kc8 31. f4 Ra6 32. Nf3 Bf6 33. g4 g6 (33... Be7 $142 34. h4 Rb8) 34. h4 $18 Nb8 (34... Be7 {was worth a try.} 35. Rh1 e5) 35. g5 {[#] Rxb8+! is the strong threat.} Nc6 $2 (35... Be7 36. h5 Nc6 37. hxg6 hxg6) 36. gxf6 {Accuracy: White = 58%, Black = 28%.} 1-0

[Event "Lueneburger Schachfestival IM 2019"]
[Site "Lueneburg"]
[Date "2019.08.09"]
[Round "8.4"]
[White "Carlstedt, Jonathan"]
[Black "Aarav Dengla"]
[Result "1-0"]
[WhiteElo "2408"]
[BlackElo "2038"]
[Annotator "TA"]
[PlyCount "89"]
[EventDate "2019.08.02"]
[EventType "tourn"]
[EventCountry "GER"]
[SourceTitle "playchess.com"]
[Source "ChessBase"]
[SourceQuality "1"]

{[%evp 9,89,0,0,-18,-12,-10,47,47,77,71,76,83,67,75,75,76,114,102,102,109,109,97,125,130,138,108,124,133,215,213,216,223,216,216,221,219,273,272,266,271,268,250,319,316,316,299,297,290,304,291,263,153,29949,29951,29970,29971,29971,29972,29971,29972,29971,29973,29972,29973,29977,29978,29978,29979,29975,29974,29984,29985,29985,29986,29986,29987,29987,29988,29988,29989,29989,29990]} 1. c4 e5 2. g3 c6 3. d4 e4 4. d5 (4. Nc3 Bb4 5. Qb3 a5 6. Bf4 d5 7. e3 Nf6 8. a3 Bxc3+ 9. Qxc3 O-O 10. Ne2 h6 11. c5 {0-1 (27) Naiditsch,A (2734)-Anton Guijarro,D (2642) Caleta 2019}) 4... cxd5 5. cxd5 Nf6 6. Nc3 {A20: English Opening: 1...e5} Bb4 7. Qd4 Qa5 $146 ({Better is} 7... Bxc3+ $11 8. bxc3 d6) ({Predecessor:} 7... Bxc3+ 8. bxc3 Qa5 9. Bg5 Nc6 10. dxc6 Qxg5 11. c7 O-O 12. Bg2 {0-1 (35) Smaraki,M (1936)-Birendra,R (1385) Bhubaneswar 2016}) 8. Bd2 $14 {White is slightly better.} Bxc3 9. Bxc3 Qxd5 10. Qxd5 Nxd5 11. Bxg7 Rg8 12. O-O-O Ne3 13. fxe3 Rxg7 14. Nh3 Nc6 15. Nf4 f5 16. Bh3 Rf7 17. Rhf1 Rb8 18. Nh5 Ne7 {[#]} (18... Ke7 $16) 19. Bxf5 $1 $18 {[%mdl 576] Decoy} Nxf5 {[#]} 20. Rxf5 $1 {[%mdl 576] Remove Defender} Rxf5 21. Ng7+ {[%mdl 64] Double Attack} Kf7 22. Nxf5 {[%mdl 4096] Endgame KRB-KRN} d5 23. Rxd5 {aiming for Rd8.} Be6 24. Ra5 Rc8+ 25. Kd2 {Strongly threatening Nd6+.} Bxf5 26. Rxf5+ {KR-KR} Ke6 27. Rh5 Rc7 28. g4 b6 29. h4 Rg7 30. g5 (30. Kc3 $18) 30... Kf5 $2 {[#]} (30... Rd7+ $16 31. Kc3 Kf5) 31. g6+ $1 {[%mdl 64] Decoy. White mates.} Kxg6 32. Rg5+ Kf6 33. Rxg7 Kxg7 {KP-KP} 34. Kc3 Kf6 35. Kd4 Kf5 36. h5 h6 37. Kd5 a6 38. Kd4 Kg5 39. Kxe4 Kxh5 40. Kf5 Kh4 41. e4 Kg3 42. e5 h5 43. e6 h4 44. e7 h3 45. e8=Q {Accuracy: White = 91%, Black = 46%.} 1-0